00473nam a22001577a 450000500170000001000150001702000260003203500130005803700130007108200080008410000180009224500440011026000400015427000960019430000250029020170406102311.0 aENG-101225 c180.00a9789380060316 aEN-84758 bDBAD/PUB a658 aKumaresan, R. aBusiness environment /bby R. Kumaresan aSalem bM. S. K. Publicationsc2009 a3/189-E, Athanoor Amman Kovil St., Masinayaganpatti-Post AyyothiyappattinambSalem e636103 a213 p. c22cm (Pbk)